000 00490nam a22002177a 4500
003 UA-OsUOA
001 38058
007 ta
008 20060426b un ||||| |||| 00| 0 ukr d
100 _aТерешко Микола
090 _a32
_bТ11
942 _cSA
040 _aUA-OsUOA
_bukr
_cUA-OsUOA
_dUA-OsUOA
245 _aЛьон родить двічі
300 _a4 с.
955 _a0
041 _aukr
080 _a32
773 0 _w38056
650 7 _a32 Політика
_2UDC
999 _c324222
_d324222